000 00560cam a22002057a 4500
001 001089
003 armpunfd
005 20140612090630.0
008 020308e0####xx#a##########000#0#und#d
040 _aarmpunfd
_carmpunfd
080 _a347.63 B 419
100 1 0 _a Belluscio, Augusto Cesar
245 1 0 _aLey de adopcion 24.779
260 _a Uenos Aires : Depalma
_b2001. Isbn : 950-14-0948-1. 45P.
650 7 _a Adopcion
_2LEMB
650 7 _a Ley 24.779
_2LEMB
942 _cLB
_2cdu
945 _aCatalis
_d2010-08-19
945 _aCatalis
_d2010-08-19
999 _c1080
_d231584